00657cam a22001937a 4500003000500000005001700005008004100022010001000063011001000073035001000083040000900093100003300102245005100135260010600186300000900292490006000301650004200361830006000403CHAP20220329141253.0971010s1982 r 00010 d a65513 a66485 a74693 cCHAP00aMéndez Ramírez, Ignacio.13aLa enseñanza de la estadística en México aMéxico, D. F. :bUNAM. Instituto de Investigaciones en Matemáticas Aplicadas y en Sistemas,c1982 a16 h 0aComunicaciones técnicas. Serie azul: Monografía, 6114aEstadísticaxEstudio y enseñanza.0 aComunicaciones técnicas. Serie azul: Monografía, 61